Almagro y sus compañeros

Salvato in:
Dettagli Bibliografici
Natura: Libro
Lingua:spagnolo
Pubblicazione: Santiago, Chile Imprenta Ercilla 1889
Serie:Colección de Documentos Inéditos para la Historia de Chile. 4, 5, 6, y 7
Soggetti:
Tags: Aggiungi Tag
Nessun Tag, puoi essere il primo ad aggiungerne!!

MARC

LEADER 00000nam a2200000 a 4500
001 UCJ7154
003 CL-VaPUC
005 20211116074331.0
008 070124e18890000CL |||||||||||||||||spa|d
999 |c 323254  |d 323252 
040 |c Pontificia Universidad Católica de Valparaíso 
082 0 4 |a 983.02 MED 1889  |2 21 
245 1 0 |a Almagro y sus compañeros 
260 0 3 |a Santiago, Chile  |b Imprenta Ercilla  |c 1889 
300 |a 4 volúmenes. 
490 0 |a Colección de Documentos Inéditos para la Historia de Chile.  |v 4, 5, 6, y 7 
500 |a 8°, media pasta 
583 |a last modification  |c 20070124 00:00:00  |k Rodrigo Vera 
600 0 7 |a ALMAGRO, DIEGO DE  |2 CL-VaPUC  |9 268479 
600 0 7 |a LUQUE, FERNANDO DE  |2 CL-VaPUC  |9 515237 
600 0 7 |a PIZARRO, HERNANDO  |2 CL-VaPUC  |9 268481 
650 0 |a Fuentes Históricas  |9 265141 
650 0 |a Descubrimientos geográficos  |9 331933 
650 7 |a GUERRAS CIVILES  |2 CL-VaPUC  |9 361938 
942 |c BK  |2 ddc 
945 |d 20070124 00:00:00  |a rinostro 
952 |0 0  |1 0  |4 0  |6 983_020000000000000_MED_1889  |7 0  |8 X  |9 402716  |a FDOBUD  |b FDOBUD  |d 2019-11-22  |h v.1  |i 1019066  |o 983.02 MED 1889  |p 1019066  |r 2019-11-22  |t 1  |w 2019-11-22  |y BK_X  |k BUD 
952 |0 0  |1 0  |4 0  |6 983_020000000000000_MED_1889  |7 0  |8 X  |9 402717  |a FDOBUD  |b FDOBUD  |d 2019-11-22  |h v.2  |i 1019074  |o 983.02 MED 1889  |p 1019074  |r 2019-11-22  |t 1  |w 2019-11-22  |y BK_X  |k BUD 
952 |0 0  |1 0  |4 0  |6 983_020000000000000_MED_1889  |7 0  |8 X  |9 402718  |a FDOBUD  |b FDOBUD  |d 2019-11-22  |h v.3  |i 1019082  |o 983.02 MED 1889  |p 1019082  |r 2019-11-22  |t 1  |w 2019-11-22  |y BK_X  |k BUD 
952 |0 0  |1 0  |4 0  |6 983_020000000000000_MED_1889  |7 0  |8 X  |9 402719  |a FDOBUD  |b FDOBUD  |d 2019-11-22  |h v.4  |i 1019090  |o 983.02 MED 1889  |p 1019090  |r 2019-11-22  |t 1  |w 2019-11-22  |y BK_X  |k BUD